00515nam a2200193Ia 4500003000400000005001700004008004100021040000700062041000800069082001900077100003700096245005200133260005400185300001000239365001300249440000800262650002900270650002200299OSt20230522154530.0210423s2002 xx 000 0 und d cAL aeng a323 223bIIHR aINDIAN INSTITUTE OF HUMAN RIGHTS aHuman rights inglobal and regional perspectives aNew DelhibIndian Institute of Human Rightsc2002 a1,135 b250cINR v3.1 aCivil & Political Rights aPolitical Science